[Event "Girona-ch Seniors"]
[Site "Santa Eugenia"]
[Date "2016.??.??"]
[Round "4.8"]
[White "Camps Torrents, Josep"]
[Black "Estelle Estrada, Joan"]
[Result "0-1"]
[WhiteElo "1652"]
[BlackElo "1703"]
[PlyCount "64"]
[EventDate "2016.02.02"]
[EventType "swiss"]
[EventRounds "6"]
[EventCountry "ESP"]
[SourceTitle "EXT 2024"]
[Source "ChessBase"]
[SourceDate "2023.10.10"]
[SourceVersion "1"]
[SourceVersionDate "2023.10.10"]
[SourceQuality "1"]

1. e4 e5 2. Nf3 d6 3. Bc4 Be7 4. d3 Nc6 5. b3 Bg4 6. Nbd2 Bg5 7. h3 Bxd2+ 8. Bxd2 Bxf3 9. Qxf3 Qf6 10. Qxf6 Nxf6 11. Bb5 Kd7 12. 0-0 a6 13. Bxc6+ Kxc6 14. Be3 Kd7 15. f4 Rae8 16. fxe5 Rxe5 17. Bd4 Re6 18. Bxf6 gxf6 19. Rf5 Re5 20. Rxf6 Ke7 21. Raf1 Rf8 22. a4 Rc5 23. R1f2 c6 24. R6f5 Rc3 25. Rg5 h6 26. Rg7 Rc5 27. Rh7 h5 28. Rg7 Re5 29. Rf5 Rxf5 30. exf5 Kf6 31. g4 hxg4 32. hxg4 Kxg7 0-1

[Event "Girona-ch Seniors"]
[Site "Santa Eugenia"]
[Date "2016.??.??"]
[Round "2.9"]
[White "Juez Folga, Florenti"]
[Black "Estelle Estrada, Joan"]
[Result "1-0"]
[WhiteElo "1661"]
[BlackElo "1703"]
[PlyCount "95"]
[EventDate "2016.02.02"]
[EventType "swiss"]
[EventRounds "6"]
[EventCountry "ESP"]
[SourceTitle "EXT 2024"]
[Source "ChessBase"]
[SourceDate "2023.10.10"]
[SourceVersion "1"]
[SourceVersionDate "2023.10.10"]
[SourceQuality "1"]

1. Nf3 d6 2. Nc3 e5 3. e4 g6 4. d4 Nc6 5. Bg5 f6 6. Bh4 Be7 7. a3 exd4 8. Nxd4 Nxd4 9. Qxd4 Be6 10. Bb5+ c6 11. Ba4 Qb6 12. Qxb6 axb6 13. h3 Nh6 14. 0-0 0-0 15. Rad1 Nf7 16. b4 b5 17. Bb3 Bxb3 18. cxb3 Rxa3 19. Rb1 Ne5 20. Rfd1 Rfa8 21. Ne2 g5 22. Bg3 Ra2 23. Nd4 Kf7 24. Nf5 Ke6 25. Bxe5 dxe5 26. Ng7+ Kf7 27. Rd7 Kxg7 28. Rxe7+ Kg6 29. Kh2 Rxf2 30. Rxb7 Rd8 31. Rb6 Rdd2 32. Rg1 Rfe2 33. Rxc6 Rxe4 34. Rc5 Rxb4 35. Rf1 Rdd4 36. Rc6 Rf4 37. Rd1 Rxb3 38. Kg1 Rbb4 39. g4 Rb3 40. Kg2 Rb2+ 41. Kh1 Rff2 42. Kg1 Rg2+ 43. Kh1 Rh2+ 44. Kg1 Rxh3 45. Rf1 Rg3+ 46. Kh1 Rxg4 47. Rcxf6+ Kh5 48. Rh6+ 1-0

[Event "Girona-ch Seniors"]
[Site "Girona"]
[Date "2011.03.03"]
[Round "4.7"]
[White "Camps Torrents, Josep"]
[Black "Estelle Estrada, Joan"]
[Result "0-1"]
[WhiteElo "1700"]
[BlackElo "1720"]
[PlyCount "100"]
[EventDate "2011.02.10"]
[EventType "swiss"]
[EventRounds "6"]
[EventCountry "ESP"]
[SourceTitle "EXT 2024"]
[Source "ChessBase"]
[SourceDate "2023.10.10"]
[SourceVersion "1"]
[SourceVersionDate "2023.10.10"]
[SourceQuality "1"]

1. d4 d6 2. e4 g6 3. Nf3 Bg7 4. Be2 Nf6 5. Nbd2 c5 6. d5 Nfd7 7. Rb1 Ne5 8. Nxe5 Bxe5 9. Nf3 Bg7 10. b3 Nd7 11. Bb2 Bxb2 12. Rxb2 0-0 13. 0-0 Nf6 14. Bd3 Bd7 15. Re1 Ng4 16. h3 Ne5 17. Nxe5 dxe5 18. c4 a6 19. a3 b5 20. b4 cxb4 21. Rxb4 a5 22. Rb2 bxc4 23. Bxc4 Qc7 24. Qc1 Qc5 25. Rc2 Rac8 26. Bd3 Qa7 27. Qb2 Rxc2 28. Bxc2 Qc5 29. Rc1 Rc8 30. Qb3 Qc3 31. Qxc3 Rxc3 32. d6 exd6 33. Rd1 Rxc2 34. Rxd6 Be6 35. Rd8+ Kg7 36. Re8 Ra2 37. f3 Rxa3 38. Kh2 a4 39. Kg3 Rc3 40. Kh4 a3 41. g4 Rxf3 42. Kg5 h6+ 43. Kh4 Rf4 44. Rxe6 fxe6 45. Kg3 Rxe4 46. Kh4 Re1 47. Kg3 a2 48. Kh4 a1Q 49. Kg3 Rg1+ 50. Kh4 Qe1# 0-1